| 000 | 00405 a2200121 4500 | ||
|---|---|---|---|
| 001 | ART_7584 | ||
| 005 | 20260410161637.0 | ||
| 008 | 260409a | ||
| 245 | 1 | 0 | _aAlgunos aspectos controvertidos de la determinación del impuesto a las ganancias para empleados |
| 100 | 1 | _aLorenzo, Armando | |
| 700 | 1 | _aCavalli, César M. | |
| 773 | 0 |
_tConsultor tributario _g- Nº 2 (abr. 2007) _wREV474 |
|
| 999 |
_c12967 _d12967 |
||